| 000 | 00483 a2200157 4500 | ||
|---|---|---|---|
| 020 | _a0007120702 | ||
| 040 |
_aDLC _bDLC |
||
| 082 | _a823.912 | ||
| 100 | _aChristie, Agatha. | ||
| 245 |
_aPoirot Investigates _cAgatha Christie |
||
| 260 |
_aLondon:, _bHarper Collins Publishers _c 2001. |
||
| 300 |
_a265 p. ; _b; 19 cm. |
||
| 500 | _aIncludes Index | ||
| 650 | _a1. Poirot, Hercule (Fictitious character) --Fiction.2.Private investigators --England --Fiction. | ||
| 942 |
_cBK _2ddc |
||
| 999 |
_c481799 _d481799 |
||